LEADER 00903cam0 22002653 450 001 SOB0000002368 005 20220120113321.0 010 $a8814017484 100 $a20010221d1988 |||||ita|0103 ba 101 $aita 102 $aIT 200 1 $aCrisi e trasformazione dello stato$ericerche sul pensiero giuspubblicistico italiano tra Otto e Novecento$fFulvio Tessitore 205 $a3 ed 210 $aMilano$cGiuffrè$d1988 215 $a366 p.$d25 cm. 700 1$aTessitore$b, Fulvio <1937->$3AF00005958$4070$04713 801 0$aIT$bUNISOB$c20220120$gRICA 850 $aUNISOB 852 $aUNISOB$j340.1$m58554 912 $aSOB0000002368 940 $aM 102 Monografia moderna SBN 941 $aM 957 $a340.1$b000643$gSI$d58554$rACQUISTO$p26.000$1rovito$2UNISOB$3UNISOB$420220120113308.0$520220120113321.0$6rovito 996 $aCrisi e trasformazione dello Stato$9718930 997 $aUNISOB LEADER 01011nam a2200265 i 4500 001 991000342849707536 005 20020527111625.0 008 010810s1986 it ||| | ita 035 $ab10064035-39ule_inst 035 $aPARLA219936$9ExL 040 $aDip.to Filosofia$bita 082 0 $a371.393 100 1 $aZanelli, Paolo$0229694 245 14$aUno sfondo per integrare :$bprogettazione didattica integrazione e strategie di apprendimento /$cPaolo Zanelli 260 $aBologna :$bCappelli,$c1986 300 $a112 p. ;$c21 cm. 490 0 $aCollana di pedagogia e scienze dell'educazione 650 4$aDidattica$xMetodo dello sfondo integratore 650 4$aFanciulli minorati$xEducazione 907 $a.b10064035$b17-02-17$c27-06-02 912 $a991000342849707536 945 $aLE005 MF 30 G 27$g1$i2005000211102$lle005$o-$pE0.00$q-$rl$s- $t0$u5$v3$w5$x0$y.i10072585$z27-06-02 996 $aSfondo per integrare$9194341 997 $aUNISALENTO 998 $ale005$b01-01-01$cm$da $e-$fita$git $h4$i1